Baltimore Orioles Top 50 Home Run Leaders - Statistics

General Stats
  • This quiz has been taken 18 times
  • The average score is 20 of 50
Answer Stats
Hint Answer % Correct
268 Brooks Robinson
100%
431 Cal Ripken Jr.
100%
343 Eddie Murray
100%
303 Boog Powell
93%
179 Frank Robinson
93%
263 Adam Jones
79%
253 Chris Davis
79%
162 Manny Machado
79%
86 Gunnar Henderson
71%
223 Rafael Palmeiro
64%
155 Anthony Santander
57%
120 B.J. Surhoff
50%
209 Brady Anderson
50%
92 Brian Roberts
50%
182 Ken Singleton
50%
106 Jonathan Schoop
43%
87 Mark Trumbo
43%
117 Matt Wieters
43%
158 Melvin Mora
43%
141 Nick Markakis
43%
98 Ryan Mountcastle
43%
101 Cedric Mullins
36%
151 Chris Hoiles
36%
124 Jim Gentile
36%
185 Ken Williams
36%
126 Paul Blair
36%
117 Trey Mancini
36%
93 George Sisler
29%
121 Jay Gibbons
29%
107 J.J. Hardy
29%
84 Luke Scott
29%
94 Mike Devereaux
29%
107 Doug DeCinces
21%
87 Fred Lynn
21%
142 Gus Triandos
21%
107 Harold Baines
21%
84 Larry Sheets
21%
123 Lee May
21%
109 Miguel Tejada
21%
76 Baby Doll Jacobson
14%
82 Bob Nieman
14%
82 Curt Blefary
14%
170 Harlond Clift
14%
121 Vern Stephens
14%
106 Gary Roenicke
7%
108 George McQuinn
7%
79 Jeff Conine
7%
101 Chet Laabs
0%
86 Jackie Brandt
0%
88 Wally Judnich
0%
No matching quizzes found
Score Distribution
Percent of People with Each Score
Percentile by Number Answered
Your Score History
You have not taken this quiz